| 000 | 00465nam a2200145 a 4500 | ||
|---|---|---|---|
| 020 | _a0883437112 | ||
| 040 | _cDLC | ||
| 082 | 0 | 0 | _a973 LIT 1983 A100 Or. |
| 100 | 1 | _aMay, Ernest R. | |
| 245 | 1 | 2 | _aA proud nation / |
| 260 |
_aEvanston, Ill. : _bMcDougal, Littell, _cc1983. |
||
| 300 |
_a768 p. : _bill. (some col.) ; _c24 cm. |
||
| 520 | _aA textbook tracing the history of the United States from the arrival of the first explorers to the present day. | ||
| 942 | _cEK | ||
| 999 |
_c11787 _d11787 |
||